[Event "Shelekhov Tandem Cup"]
[Site "Shelekhov"]
[Date "2015.10.10"]
[Round "7"]
[White "Kozubay, Uulu Azamat"]
[Black "Sidorov, Anton"]
[Result "0-1"]
[WhiteElo "2112"]
[BlackElo "2195"]
[PlyCount "92"]
[EventDate "2015.09.29"]
[EventType "tourn"]
[EventRounds "10"]
[EventCountry "RUS"]
[SourceTitle "EXT 2018"]
[Source "ChessBase"]
[SourceDate "2017.10.13"]
[SourceVersion "1"]
[SourceVersionDate "2017.10.13"]
[SourceQuality "1"]

1. d4 Nf6 2. c4 g6 3. Nc3 Bg7 4. e4 d6 5. Nf3 0-0 6. Be2 Bg4 7. Be3 Nfd7 8. Nd2 Bxe2 9. Qxe2 Nc6 10. Nb3 e5 11. d5 Nd4 12. Qd1 f5 13. Nxd4 exd4 14. Bxd4 fxe4 15. Bxg7 Kxg7 16. Qd4+ Qf6 17. Qxf6+ Nxf6 18. 0-0 c6 19. Rae1 Rfe8 20. Re2 cxd5 21. cxd5 Rac8 22. Nb5 Red8 23. f3 exf3 24. Re7+ Kg8 25. Rxb7 Nxd5 26. Rxf3 a6 27. Nd4 Rc4 28. Ne6 Re8 29. Ng5 Rc1+ 30. Rf1 Rxf1+ 31. Kxf1 Ne3+ 32. Kg1 Ng4 33. Nf3 Re2 34. Rb8+ Kg7 35. Rb7+ Kg8 36. Rb8+ Kg7 37. Rb7+ Kg8 38. Kf1 Rf2+ 39. Kg1 Rc2 40. g3 d5 41. a3 Ne3 42. Re7 Rc1+ 43. Kf2 Nd1+ 44. Kg2 Nxb2 45. Rd7 Nc4 46. Rxd5 Ne3+ 0-1

[Event "Shelekhov Tandem Cup"]
[Site "Shelekhov"]
[Date "2015.10.01"]
[Round "2"]
[White "Sidorov, Anton"]
[Black "Kozubay, Uulu Azamat"]
[Result "1-0"]
[WhiteElo "2195"]
[BlackElo "2112"]
[PlyCount "45"]
[EventDate "2015.09.29"]
[EventType "tourn"]
[EventRounds "10"]
[EventCountry "RUS"]
[SourceTitle "EXT 2018"]
[Source "ChessBase"]
[SourceDate "2017.10.13"]
[SourceVersion "1"]
[SourceVersionDate "2017.10.13"]
[SourceQuality "1"]

1. e4 c5 2. Nf3 d6 3. d4 cxd4 4. Nxd4 Nf6 5. Nc3 a6 6. h3 g6 7. g4 Bg7 8. Bg2 b5 9. 0-0 e5 10. Nde2 Qc7 11. g5 Nh5 12. Nd5 Qc6 13. a4 Bb7 14. Be3 Nd7 15. axb5 axb5 16. Rxa8+ Bxa8 17. Nec3 Nf4 18. Bxf4 exf4 19. Nxb5 Bxb2 20. c3 Ne5 21. Qb3 f3 22. Bh1 Nc4 23. Qxc4 1-0

[Event "Shelekhov Kaskad Cup"]
[Site "Shelekhov"]
[Date "2015.09.17"]
[Round "9"]
[White "Filippov, Stanislav"]
[Black "Sidorov, Anton"]
[Result "0-1"]
[WhiteElo "2143"]
[BlackElo "2195"]
[PlyCount "76"]
[EventDate "2015.09.03"]
[EventType "tourn"]
[EventRounds "9"]
[EventCountry "RUS"]
[SourceTitle "EXT 2016"]
[Source "ChessBase"]
[SourceDate "2015.10.08"]
[SourceVersion "1"]
[SourceVersionDate "2015.10.08"]
[SourceQuality "1"]

1. e4 c5 2. Nf3 Nc6 3. d4 cxd4 4. Nxd4 Qb6 5. Nb3 Nf6 6. Nc3 e6 7. Be3 Qc7 8. a3 a6 9. f4 d6 10. Be2 Be7 11. 0-0 0-0 12. Bf3 b5 13. Qe1 Bb7 14. Kh1 Nd7 15. Qf2 Rab8 16. g4 Ba8 17. g5 Nb6 18. Bxb6 Qxb6 19. Qh4 h6 20. Qh5 hxg5 21. Rg1 g6 22. Qh6 Bf6 23. f5 Qe3 24. Rg3 Bg7 25. Qh3 Ne5 26. fxg6 Nxg6 27. Bg2 Qf4 28. Qh5 Bxc3 29. bxc3 Bxe4 30. Rxg5 Rbc8 31. Nd4 Rc5 32. Rxc5 dxc5 33. Ne2 Bxg2+ 34. Kxg2 Qe4+ 35. Kf2 Rd8 36. Qxc5 Rd5 37. Qc8+ Kh7 38. Nd4 Rxd4 0-1

[Event "Shelekhov Kaskad Cup"]
[Site "Shelekhov"]
[Date "2015.09.15"]
[Round "8"]
[White "Sidorov, Anton"]
[Black "Shelk, Alexander"]
[Result "0-1"]
[WhiteElo "2195"]
[BlackElo "2282"]
[PlyCount "112"]
[EventDate "2015.09.03"]
[EventType "tourn"]
[EventRounds "9"]
[EventCountry "RUS"]
[SourceTitle "EXT 2016"]
[Source "ChessBase"]
[SourceDate "2015.10.08"]
[SourceVersion "1"]
[SourceVersionDate "2015.10.08"]
[SourceQuality "1"]

1. e4 e5 2. Nf3 Nc6 3. Bb5 a6 4. Ba4 d6 5. c3 Bd7 6. d4 Nge7 7. 0-0 Ng6 8. d5 Nb8 9. c4 Be7 10. Nc3 0-0 11. Bxd7 Nxd7 12. Be3 c5 13. dxc6 bxc6 14. Qe2 h6 15. Rfd1 Qc7 16. Rac1 a5 17. Na4 f5 18. c5 d5 19. exd5 cxd5 20. Nc3 d4 21. Nd5 Qd8 22. Bxd4 exd4 23. Nxd4 Bxc5 24. Qe6+ Kh7 25. Nc6 Qh4 26. g3 Bxf2+ 27. Kg2 Qh5 28. Qxd7 f4 29. g4 Qh4 30. Rc2 Be3 31. Rf1 Qg5 32. Nce7 Rf7 33. Nxe3 Rxe7 34. Qd5 Nh4+ 35. Kh1 Rae8 36. Qxg5 hxg5 37. Ng2 Ng6 38. h4 gxh4 39. Nxf4 Re1 40. Nxg6 Rxf1+ 41. Kg2 Rfe1 42. Nf4 R8e4 43. Kf3 g5 44. Nd5 Rd4 45. Rc7+ Kg6 46. Ne7+ Rxe7 47. Rxe7 Rf4+ 48. Ke3 Rxg4 49. Ra7 a4 50. Kf3 Rf4+ 51. Kg2 Rb4 52. Kg1 Kh5 53. a3 Rxb2 54. Rxa4 Ra2 55. Kh1 h3 56. Kg1 g4 0-1

[Event "Shelekhov Kaskad Cup"]
[Site "Shelekhov"]
[Date "2015.09.13"]
[Round "7"]
[White "Khungueva, Olga"]
[Black "Sidorov, Anton"]
[Result "0-1"]
[WhiteElo "1984"]
[BlackElo "2195"]
[PlyCount "114"]
[EventDate "2015.09.03"]
[EventType "tourn"]
[EventRounds "9"]
[EventCountry "RUS"]
[SourceTitle "EXT 2016"]
[Source "ChessBase"]
[SourceDate "2015.10.08"]
[SourceVersion "1"]
[SourceVersionDate "2015.10.08"]
[SourceQuality "1"]

1. d4 Nf6 2. c4 d6 3. Nc3 g6 4. e4 Bg7 5. f3 0-0 6. Be3 Nc6 7. Nge2 a6 8. Qd2 Rb8 9. Nc1 e5 10. d5 Nd4 11. Nb3 Nxb3 12. axb3 c5 13. b4 cxb4 14. Na4 b5 15. cxb5 axb5 16. Qxb4 Nd7 17. Nc3 Bh6 18. Bf2 Qg5 19. Nd1 f5 20. h4 Qf6 21. Be2 Nc5 22. Bxc5 dxc5 23. Qxc5 fxe4 24. Ra3 exf3 25. Rxf3 Bf4 26. g3 Bg4 27. Rxf4 exf4 28. Bxg4 Qe5+ 29. Kd2 Rbd8 30. Nc3 fxg3 31. Kc2 b4 32. Be6+ Kh8 33. Nd1 Qe4+ 34. Kd2 g2 35. Re1 Qxe1+ 36. Kxe1 Rf1+ 37. Ke2 g1Q 38. Qxg1 Rxg1 39. Ne3 Kg7 40. Kd3 Rh1 41. Kc4 Rxh4+ 42. Kc5 h5 43. Nc4 Rxc4+ 44. Kxc4 Kf6 45. Kxb4 g5 46. Kc4 Ke5 47. b4 g4 48. b5 g3 49. Bh3 Rxd5 50. b6 Rd2 51. Kc3 Rd6 52. b7 Rb6 53. Bg2 h4 54. Kd3 Kf4 55. Ke2 Rb2+ 56. Kd3 h3 57. Kc3 Rxb7 0-1

[Event "Shelekhov Kaskad Cup"]
[Site "Shelekhov"]
[Date "2015.09.08"]
[Round "4"]
[White "Khantuev, Alexander"]
[Black "Sidorov, Anton"]
[Result "0-1"]
[WhiteElo "2372"]
[BlackElo "2195"]
[PlyCount "190"]
[EventDate "2015.09.03"]
[EventType "tourn"]
[EventRounds "9"]
[EventCountry "RUS"]
[SourceTitle "EXT 2016"]
[Source "ChessBase"]
[SourceDate "2015.10.08"]
[SourceVersion "1"]
[SourceVersionDate "2015.10.08"]
[SourceQuality "1"]

1. e4 c5 2. Nf3 d6 3. Bb5+ Nd7 4. c3 Ngf6 5. Qe2 a6 6. Ba4 e5 7. 0-0 Be7 8. d4 b5 9. Bc2 0-0 10. Rd1 Qc7 11. Bg5 Re8 12. h3 cxd4 13. cxd4 exd4 14. Nxd4 Bb7 15. Nd2 Bf8 16. Qf3 d5 17. Bf4 Qb6 18. e5 Nxe5 19. Bxe5 Rxe5 20. Qd3 g6 21. N2f3 Ree8 22. Rac1 Bh6 23. Rb1 Ne4 24. Bb3 Rac8 25. Re1 Nc5 26. Rxe8+ Rxe8 27. Qd1 Bg7 28. Bc2 Ne6 29. Nxe6 Qxe6 30. Qd2 Qf6 31. Bb3 d4 32. Ng5 Bh6 33. h4 Bxg5 34. hxg5 Qc6 35. f3 Qc5 36. Rc1 Qe5 37. Kf2 Rd8 38. Re1 Qd6 39. Qd3 Bc8 40. Qe4 d3 41. Qe7 Qd4+ 42. Kf1 Rf8 43. Qf6 Qxf6 44. gxf6 Rd8 45. Re7 d2 46. Bd1 Be6 47. b3 h5 48. Ke2 Bf5 49. Ke3 Rd6 50. g4 hxg4 51. fxg4 Bxg4 52. Bxg4 d1Q 53. Bxd1 Rxd1 54. Re8+ Kh7 55. Rf8 Rd7 56. Kf4 g5+ 57. Kf5 g4 58. Rc8 g3 59. Rc3 Rd5+ 60. Kf4 Kg6 61. Kxg3 Rf5 62. a4 bxa4 63. bxa4 Ra5 64. Rc4 Kxf6 65. Rb4 Ke5 66. Kf3 f5 67. Rc4 Rd5 68. Ke3 Kd6 69. Kf4 Rc5 70. Rb4 Kc6 71. Rb8 Rd5 72. Rb1 Kc5 73. Rb8 Kc4 74. Rb7 Kc3 75. Rb8 Rc5 76. Rb7 Ra5 77. Rb8 Rxa4+ 78. Kxf5 a5 79. Ra8 Ra1 80. Kf6 a4 81. Rc8+ Kb3 82. Rb8+ Ka2 83. Rh8 a3 84. Rh2+ Kb3 85. Rh3+ Kc4 86. Rh4+ Kb5 87. Rh5+ Kb6 88. Rf5 Re1 89. Rf2 Kb5 90. Rf5+ Kb4 91. Rf4+ Kb3 92. Rf3+ Kb2 93. Rf2+ Kb1 94. Rf5 a2 95. Rb5+ Kc2 0-1

[Event "Irkutsk Veda"]
[Site "Irkutsk"]
[Date "2015.08.14"]
[Round "7"]
[White "Demikhov, Maxim"]
[Black "Sidorov, Anton"]
[Result "0-1"]
[WhiteElo "1978"]
[BlackElo "2188"]
[PlyCount "98"]
[EventDate "2015.08.08"]
[EventType "swiss"]
[EventRounds "9"]
[EventCountry "RUS"]
[SourceTitle "EXT 2018"]
[Source "ChessBase"]
[SourceDate "2017.10.13"]
[SourceVersion "1"]
[SourceVersionDate "2017.10.13"]
[SourceQuality "1"]

1. d4 Nf6 2. c4 g6 3. Nc3 Bg7 4. e4 d6 5. Nge2 0-0 6. Ng3 e5 7. d5 Nbd7 8. Be2 a5 9. h4 h5 10. Bg5 Re8 11. Bxh5 gxh5 12. Nxh5 Nf8 13. Qf3 N8h7 14. Nxg7 Kxg7 15. 0-0-0 Rh8 16. Nb5 Bd7 17. Qe3 Nxg5 18. hxg5 Nh5 19. g3 f5 20. exf5 Bxf5 21. Rh4 Bg6 22. Rdh1 Qd7 23. Nc3 Raf8 24. Ne4 Qf5 25. Kd2 Nf4 26. gxf4 Qxe4 27. Qxe4 Bxe4 28. Rxh8 Rxh8 29. Rxh8 Kxh8 30. Ke3 Bg6 31. fxe5 dxe5 32. b3 Kg7 33. a3 Kf7 34. b4 a4 35. Kd2 Ke7 36. c5 Be4 37. Ke3 Bxd5 38. f4 exf4+ 39. Kxf4 Ke6 40. Ke3 Ke5 41. Kd3 Bf7 42. g6 Bxg6+ 43. Kc4 c6 44. b5 Bc2 45. b6 Ke4 46. Kb4 Kd4 47. Ka5 Bd3 48. Kb4 Ba6 49. Ka5 Kxc5 0-1

[Event "Irkutsk Veda"]
[Site "Irkutsk"]
[Date "2015.08.12"]
[Round "5"]
[White "Bobarykin, Dmitry"]
[Black "Sidorov, Anton"]
[Result "1-0"]
[WhiteElo "2197"]
[BlackElo "2188"]
[PlyCount "77"]
[EventDate "2015.08.08"]
[EventType "swiss"]
[EventRounds "9"]
[EventCountry "RUS"]
[SourceTitle "EXT 2018"]
[Source "ChessBase"]
[SourceDate "2017.10.13"]
[SourceVersion "1"]
[SourceVersionDate "2017.10.13"]
[SourceQuality "1"]

1. e4 c5 2. Nf3 d6 3. Bb5+ Nd7 4. d4 cxd4 5. Qxd4 Ngf6 6. Bg5 a6 7. Bxd7+ Bxd7 8. 0-0 e6 9. Nbd2 h6 10. Bh4 g5 11. Bg3 e5 12. Qd3 Qc7 13. Rfd1 Rc8 14. c4 Nh5 15. Rac1 Nxg3 16. hxg3 Be6 17. b3 Be7 18. Nf1 0-0 19. Ne3 Rfd8 20. g4 Bf8 21. Nf5 f6 22. Nh2 Qf7 23. Nf1 h5 24. N1g3 h4 25. Nh5 Bxf5 26. exf5 Be7 27. Qe4 Rc7 28. a4 Rcd7 29. Rd5 Rc7 30. Rcd1 Rdc8 31. a5 Kf8 32. Qe1 Qe8 33. Qb4 Kf7 34. Rxd6 Bxd6 35. Rxd6 Qe7 36. Rxf6+ Kg8 37. Rg6+ Kf8 38. Rf6+ Kg8 39. Qd2 1-0

[Event "Angarsk Alfa Cup 1st"]
[Site "Angarsk"]
[Date "2015.05.26"]
[Round "8"]
[White "Sidorov, Anton"]
[Black "Fellenger, Alexander"]
[Result "1-0"]
[WhiteElo "2158"]
[BlackElo "2156"]
[PlyCount "39"]
[EventDate "2015.05.19"]
[EventType "tourn"]
[EventRounds "11"]
[EventCountry "RUS"]
[SourceTitle "EXT 2016"]
[Source "ChessBase"]
[SourceDate "2015.10.08"]
[SourceVersion "1"]
[SourceVersionDate "2015.10.08"]
[SourceQuality "1"]

1. e4 d5 2. exd5 Qxd5 3. Nc3 Qe6+ 4. Be2 Qg6 5. Nf3 Qxg2 6. Rg1 Qh3 7. d4 c6 8. Bc4 e6 9. Qe2 Na6 10. d5 Nc7 11. dxc6 Be7 12. Bf4 Bd8 13. 0-0-0 bxc6 14. Qd3 Nd5 15. Nxd5 exd5 16. Bxd5 Bf5 17. Bxc6+ Kf8 18. Qxd8+ Rxd8 19. Rxd8+ Ke7 20. Re8+ 1-0

[Event "Angarsk Alfa Cup 1st"]
[Site "Angarsk"]
[Date "2015.05.21"]
[Round "3"]
[White "Kuzmin, Ilya"]
[Black "Sidorov, Anton"]
[Result "1-0"]
[WhiteElo "2179"]
[BlackElo "2158"]
[PlyCount "99"]
[EventDate "2015.05.19"]
[EventType "tourn"]
[EventRounds "11"]
[EventCountry "RUS"]
[SourceTitle "EXT 2016"]
[Source "ChessBase"]
[SourceDate "2015.10.08"]
[SourceVersion "1"]
[SourceVersionDate "2015.10.08"]
[SourceQuality "1"]

1. d4 Nf6 2. c4 g6 3. Nc3 d5 4. cxd5 Nxd5 5. e4 Nxc3 6. bxc3 Bg7 7. Nf3 c5 8. Be3 Nc6 9. Qd2 0-0 10. d5 Qa5 11. Rc1 Ne5 12. Nxe5 Bxe5 13. f4 Bg7 14. c4 Qc7 15. Be2 b6 16. 0-0 Bb7 17. a4 Rad8 18. Rfd1 e6 19. Bf3 e5 20. f5 Bc8 21. Qc2 Qd6 22. a5 gxf5 23. exf5 Bh6 24. Re1 Bxe3+ 25. Rxe3 Qf6 26. Be4 Kh8 27. axb6 axb6 28. Qb2 Rfe8 29. Rce1 Re7 30. Bd3 Rde8 31. Rb1 Rb7 32. Rbe1 Rbe7 33. g4 Rg8 34. h3 h5 35. Rg3 Qh4 36. Ree3 f6 37. Qxb6 Reg7 38. g5 Rxg5 39. Qxf6+ Kh7 40. Qe7+ Kh8 41. Qxe5+ Kh7 42. Kh2 Rxg3 43. Rxg3 Rxg3 44. Qxg3 Qxg3+ 45. Kxg3 Kg7 46. Kh4 Kf6 47. Kxh5 Bd7 48. Kg4 Ke5 49. Kg5 Kd4 50. f6 1-0

[Event "Novi Sad op"]
[Site "Novi Sad"]
[Date "2015.04.09"]
[Round "6"]
[White "Sidorov, Anton"]
[Black "Markidis, Konstantinos"]
[Result "1/2-1/2"]
[WhiteElo "2178"]
[BlackElo "2343"]
[PlyCount "131"]
[EventDate "2015.04.05"]
[EventType "swiss"]
[EventRounds "9"]
[EventCountry "SRB"]
[SourceTitle "CBM 166 Extra"]
[Source "ChessBase"]
[SourceDate "2015.06.18"]
[SourceVersion "1"]
[SourceVersionDate "2015.06.18"]
[SourceQuality "1"]

1. e4 e5 2. Nf3 Nc6 3. Bb5 a6 4. Ba4 Nge7 5. 0-0 g6 6. d4 exd4 7. c3 Bg7 8. cxd4 b5 9. Bb3 Na5 10. Bc2 d6 11. Nc3 0-0 12. Bg5 h6 13. Bh4 c6 14. Re1 Bg4 15. Qd3 Nc4 16. b3 Na3 17. Bd1 b4 18. Ne2 Re8 19. Rc1 Qb6 20. Bg3 Rad8 21. Nd2 a5 22. f3 Bc8 23. Nc4 Nxc4 24. bxc4 Ba6 25. Qd2 c5 26. Ba4 Rf8 27. Bf2 Nc6 28. Bxc6 Qxc6 29. Red1 Kh7 30. dxc5 dxc5 31. Qxd8 Rxd8 32. Rxd8 Qa4 33. Rd2 b3 34. axb3 Qxb3 35. Bxc5 Bxc4 36. Kf2 Qb5 37. Be3 Bxe2 38. Rxe2 a4 39. Bc5 Bb2 40. Rcc2 a3 41. Bxa3 Bxa3 42. g3 h5 43. Kg2 Kg7 44. e5 Qd3 45. Rcd2 Qf5 46. Re4 Be7 47. h4 Qc8 48. Rde2 Qe6 49. Re1 Bc5 50. R1e2 Ba7 51. Re1 Qb6 52. R4e2 Qd4 53. Kh3 Bc5 54. Kg2 Kf8 55. Rf1 Ke7 56. Rfe1 Ke6 57. Kh3 Qd3 58. Kg2 Bd4 59. Re4 Qc3 60. R1e2 Kd5 61. e6 fxe6 62. Rxe6 Qc1 63. Re1 Qc2+ 64. R1e2 Qb1 65. Re1 Qf5 66. R6e4 1/2-1/2

[Event "Skopje Karposh op"]
[Site "Skopje"]
[Date "2015.03.31"]
[Round "6"]
[White "Sidorov, Anton"]
[Black "Minko, Dmitry"]
[Result "1/2-1/2"]
[WhiteElo "2090"]
[BlackElo "1885"]
[PlyCount "74"]
[EventDate "2015.03.27"]
[EventType "swiss"]
[EventRounds "9"]
[EventCountry "MKD"]
[SourceTitle "CBM 165 Extra"]
[Source "ChessBase"]
[SourceDate "2015.04.21"]
[SourceVersion "1"]
[SourceVersionDate "2015.04.21"]
[SourceQuality "1"]

1. c4 e6 2. g3 Nf6 3. Bg2 d5 4. Nf3 dxc4 5. Qa4+ Nbd7 6. Qxc4 a6 7. Qc2 c5 8. 0-0 b5 9. a4 Bb7 10. Nc3 Qb6 11. d3 Bd6 12. e4 0-0 13. h3 Ne5 14. Be3 Nxf3+ 15. Bxf3 Nd7 16. Bg2 b4 17. Nb1 f5 18. Nd2 f4 19. Nc4 Qc7 20. Nxd6 fxe3 21. Nxb7 exf2+ 22. Kh2 Qxb7 23. e5 Qb8 24. Bxa8 Qxa8 25. Rxf2 Nxe5 26. Rxf8+ Qxf8 27. Qe2 Nf3+ 28. Kg2 Nd4 29. Qe4 h6 30. h4 Qd6 31. Rf1 Qd8 32. Qe5 Qa8+ 33. Kh3 Qc6 34. h5 Nf3 35. Qb8+ Kh7 36. Qf8 Ng5+ 37. Kh2 Qd5 1/2-1/2

[Event "Novi Sad TS03 op"]
[Site "Novi Sad"]
[Date "2015.03.24"]
[Round "5"]
[White "Drazic, Sinisa"]
[Black "Sidorov, Anton"]
[Result "1-0"]
[WhiteElo "2438"]
[BlackElo "2044"]
[PlyCount "109"]
[EventDate "2015.03.20"]
[EventType "swiss"]
[EventRounds "9"]
[EventCountry "SRB"]
[SourceTitle "CBM 165 Extra"]
[Source "ChessBase"]
[SourceDate "2015.04.21"]
[SourceVersion "1"]
[SourceVersionDate "2015.04.21"]
[SourceQuality "1"]

1. b3 e5 2. Bb2 Nc6 3. e3 Nf6 4. Bb5 Bd6 5. Na3 0-0 6. Nc4 Re8 7. Nxd6 cxd6 8. Nf3 a6 9. Be2 d5 10. d3 d6 11. h3 Bd7 12. 0-0 b5 13. c4 Qb6 14. cxd5 Nxd5 15. Qd2 Rac8 16. Rfc1 a5 17. a3 h6 18. Ne1 Be6 19. Bf3 Rc7 20. b4 Rec8 21. Bxd5 Bxd5 22. Bc3 a4 23. Bb2 Nd8 24. e4 Bb7 25. Rxc7 Qxc7 26. Rc1 Qb8 27. Rxc8 Qxc8 28. Nc2 Ne6 29. Ne3 Qc7 30. f3 f6 31. h4 Qb6 32. Kh2 Qc7 33. Kg1 Qb6 34. Kf1 Kf7 35. Qf2 Nf4 36. Qd2 Ne6 37. g3 Qc7 38. Kf2 Qb6 39. Kg2 Qc7 40. d4 h5 41. d5 Nf8 42. Qe2 Qd7 43. f4 exf4 44. gxf4 g6 45. f5 Bc8 46. Qf3 Qe7 47. Kf2 Kg7 48. Ke2 gxf5 49. exf5 Qf7 50. Qg3+ Kh7 51. Qxd6 Nd7 52. Kd2 Bb7 53. Bd4 Kg7 54. Qe6 Nf8 55. Qb6 1-0

[Event "Novi Sad TS03 op"]
[Site "Novi Sad"]
[Date "2015.03.22"]
[Round "4"]
[White "Sidorov, Anton"]
[Black "Ivanov, Mikhail M"]
[Result "1/2-1/2"]
[WhiteElo "2044"]
[BlackElo "2393"]
[PlyCount "59"]
[EventDate "2015.03.20"]
[EventType "swiss"]
[EventRounds "9"]
[EventCountry "SRB"]
[SourceTitle "CBM 165 Extra"]
[Source "ChessBase"]
[SourceDate "2015.04.21"]
[SourceVersion "1"]
[SourceVersionDate "2015.04.21"]
[SourceQuality "1"]

1. e4 e5 2. Nf3 Nc6 3. Bb5 a6 4. Ba4 Nf6 5. d3 d6 6. c3 Be7 7. 0-0 0-0 8. Re1 b5 9. Bb3 Na5 10. Bc2 c5 11. Nbd2 Nc6 12. Nf1 Re8 13. Ng3 Bf8 14. h3 a5 15. d4 cxd4 16. cxd4 a4 17. d5 Nb4 18. Be3 Bd7 19. Qd2 Nxc2 20. Qxc2 Qa5 21. Rec1 Rec8 22. Qd2 Qxd2 23. Bxd2 Be7 24. Ne1 h5 25. f3 g6 26. Nd3 Ne8 27. Rxc8 Rxc8 28. Rc1 Rxc1+ 29. Bxc1 f5 30. a3 1/2-1/2

[Event "Budapest FS03 FM-A"]
[Site "Budapest"]
[Date "2015.03.11"]
[Round "5"]
[White "Bensaid, Simon"]
[Black "Sidorov, Anton"]
[Result "1/2-1/2"]
[WhiteElo "1884"]
[BlackElo "2090"]
[PlyCount "111"]
[EventDate "2015.03.07"]
[EventType "tourn"]
[EventRounds "10"]
[EventCountry "HUN"]
[SourceTitle "CBM 165 Extra"]
[Source "ChessBase"]
[SourceDate "2015.04.21"]
[SourceVersion "1"]
[SourceVersionDate "2015.04.21"]
[SourceQuality "1"]

1. e4 c5 2. Nf3 Nc6 3. d4 cxd4 4. Nxd4 e6 5. Nc3 Qc7 6. g3 a6 7. Bg2 d6 8. 0-0 Bd7 9. Nb3 Be7 10. a4 b6 11. f4 Nf6 12. Be3 0-0 13. g4 Rfd8 14. g5 Ne8 15. Rf3 Rab8 16. Rh3 g6 17. Qe1 Nb4 18. Qh4 h5 19. Qf2 Ng7 20. a5 bxa5 21. Nxa5 e5 22. Rh4 exf4 23. Bxf4 Ne6 24. Nd5 Nxd5 25. exd5 Nxf4 26. Rxf4 Bxg5 27. Rxf7 Qb6 28. Qxb6 Rxb6 29. Rf3 Rxb2 30. Nc6 Ra8 31. Rg3 Bf6 32. Rf1 Kg7 33. Be4 g5 34. Rgf3 Rf8 35. Kh1 Bg4 36. R3f2 Ra2 37. Kg2 Ra4 38. Bd3 h4 39. h3 Bd7 40. Bf5 Bxf5 41. Rxf5 g4 42. hxg4 Rxg4+ 43. Kh3 Rg3+ 44. Kh2 Rc3 45. R1f2 Kg6 46. Kh1 Rh3+ 47. Kg2 Rg3+ 48. Kh1 Rh3+ 49. Kg2 Ra3 50. Rf1 a5 51. Nd4 Rg3+ 52. Kh1 Rh3+ 53. Kg2 Rc3 54. Ne6 Rxc2+ 55. Kh1 Rf7 56. Nd8 1/2-1/2

[Event "Graz op-A"]
[Site "Graz"]
[Date "2015.02.20"]
[Round "9"]
[White "Kvetny, Mark"]
[Black "Sidorov, Anton"]
[Result "1-0"]
[WhiteElo "2294"]
[BlackElo "2044"]
[PlyCount "61"]
[EventDate "2015.02.13"]
[EventType "swiss"]
[EventRounds "9"]
[EventCountry "AUT"]
[SourceTitle "CBM 164 Extra"]
[Source "ChessBase"]
[SourceDate "2015.03.02"]
[SourceVersion "1"]
[SourceVersionDate "2015.03.02"]
[SourceQuality "1"]

1. d4 Nf6 2. c4 g6 3. Nc3 Bg7 4. e4 d6 5. Be2 0-0 6. Bg5 c5 7. d5 e6 8. Qd2 exd5 9. exd5 Qb6 10. Bd3 Nbd7 11. f4 Re8+ 12. Nge2 Ng4 13. 0-0 h6 14. Bh4 Nf8 15. h3 Ne3 16. Rf3 Nf5 17. Bf2 Bd7 18. g4 Nd4 19. Nxd4 cxd4 20. Ne2 Nh7 21. Rc1 Nf6 22. Kg2 h5 23. gxh5 Nxh5 24. f5 gxf5 25. Qg5 Rxe2 26. Bxe2 Qxb2 27. Re1 Re8 28. Rb3 Qxa2 29. Rxb7 Rxe2 30. Rb8+ Kh7 31. Qxh5+ 1-0

[Event "Loo Autumn"]
[Site "Loo"]
[Date "2014.11.12"]
[Round "7"]
[White "Sidorov, Anton"]
[Black "Nesterov, Arseniy"]
[Result "0-1"]
[WhiteElo "2041"]
[BlackElo "2018"]
[PlyCount "108"]
[EventDate "2014.11.08"]
[EventType "tourn"]
[EventRounds "7"]
[EventCountry "RUS"]
[SourceTitle "EXT 2018"]
[Source "ChessBase"]
[SourceDate "2017.10.13"]
[SourceVersion "1"]
[SourceVersionDate "2017.10.13"]
[SourceQuality "1"]

1. e4 e6 2. d4 d5 3. Nc3 Bb4 4. e5 Qd7 5. a3 Bxc3+ 6. bxc3 b6 7. Qg4 f5 8. Qg3 Ba6 9. Bxa6 Nxa6 10. Ne2 Kf7 11. a4 Nb8 12. 0-0 Nc6 13. c4 dxc4 14. Qc3 Na5 15. g4 Ne7 16. Ba3 fxg4 17. Bxe7 Qxe7 18. f3 Rhd8 19. fxg4+ Kg8 20. Qe3 Rac8 21. Rf4 Rf8 22. Raf1 Rxf4 23. Nxf4 c6 24. Qe4 Re8 25. Nh5 c5 26. c3 cxd4 27. cxd4 Rd8 28. Nf4 Qd7 29. Ne2 Nb3 30. Rd1 Qxa4 31. Nc3 Qb4 32. Qe3 Kh8 33. g5 Qe7 34. Ne4 b5 35. Nd6 a6 36. Rf1 Kg8 37. Rf7 Qxf7 38. Nxf7 Kxf7 39. Qf3+ Kg8 40. Qc6 Nxd4 41. Qb6 Rd5 42. Qxa6 c3 43. Qc8+ Kf7 44. Kf2 c2 45. Kf1 b4 46. h4 b3 47. h5 b2 48. Qb7+ Ke8 49. Qxb2 Rb5 50. Qa2 Rb1+ 51. Kf2 c1Q 52. Qa8+ Kd7 53. Qa7+ Qc7 54. Qxd4+ Ke7 0-1

[Event "Loo Autumn"]
[Site "Loo"]
[Date "2014.11.10"]
[Round "4"]
[White "Tsvetkov, Andrey1111"]
[Black "Sidorov, Anton"]
[Result "0-1"]
[WhiteElo "1827"]
[BlackElo "2041"]
[PlyCount "77"]
[EventDate "2014.11.08"]
[EventType "tourn"]
[EventRounds "7"]
[EventCountry "RUS"]
[SourceTitle "EXT 2018"]
[Source "ChessBase"]
[SourceDate "2017.10.13"]
[SourceVersion "1"]
[SourceVersionDate "2017.10.13"]
[SourceQuality "1"]

1. Nf3 Nf6 2. c4 g6 3. g3 Bg7 4. Bg2 0-0 5. 0-0 d5 6. d4 dxc4 7. Na3 c3 8. bxc3 c5 9. Nc4 Nc6 10. Rb1 Nd5 11. Bb2 Bf5 12. Rc1 Nb6 13. Nce5 Nxe5 14. Nxe5 Bxe5 15. dxe5 Nc4 16. Ba1 Qc7 17. Qd5 Be6 18. Qxb7 Qxb7 19. Bxb7 Rab8 20. Ba6 Rb6 21. Bxc4 Bxc4 22. Rfd1 Rfb8 23. Rd7 Bxe2 24. Rxe7 Rb1 25. Rxb1 Rxb1+ 26. Kg2 Rxa1 27. Rxa7 Rc1 28. Ra8+ Kg7 29. Ra7 Bc4 30. Ra3 Rc2 31. Kf3 Rxa2 32. Rxa2 Bxa2 33. Ke4 Kf8 34. f4 Ke7 35. g4 f6 36. h3 Bb3 37. h4 Ke6 38. exf6 Kxf6 39. h5 0-1

[Event "Irkutsk Region-ch sf3"]
[Site "Irkutsk"]
[Date "2014.08.04"]
[Round "1"]
[White "Galenpolsky, Mikhail"]
[Black "Sidorov, Anton"]
[Result "0-1"]
[WhiteElo "1734"]
[BlackElo "2006"]
[PlyCount "108"]
[EventDate "2014.08.04"]
[EventType "swiss"]
[EventRounds "9"]
[EventCountry "RUS"]
[SourceTitle "EXT 2016"]
[Source "ChessBase"]
[SourceDate "2015.10.08"]
[SourceVersion "1"]
[SourceVersionDate "2015.10.08"]
[SourceQuality "1"]

1. e4 c5 2. c3 Nf6 3. e5 Nd5 4. d4 cxd4 5. cxd4 d6 6. exd6 Qxd6 7. Nf3 Nc6 8. Nc3 g6 9. Bc4 Nb6 10. Bb3 Bg7 11. Be3 0-0 12. Ne4 Qd8 13. a3 Bg4 14. Neg5 Nd5 15. 0-0 h6 16. Ne4 Nb6 17. Rc1 e6 18. h3 Bxf3 19. Qxf3 Qe7 20. Rfd1 Rfd8 21. Nc5 Nxd4 22. Bxd4 Rxd4 23. Nxb7 Rxd1+ 24. Rxd1 Bxb2 25. Nd6 Rd8 26. a4 Rxd6 27. Rb1 Bf6 28. a5 Nd5 29. Bc4 Kg7 30. a6 Rd7 31. Rb8 Rc7 32. Qb3 Nb6 33. Bf1 Be5 34. Qb5 Bf6 35. Re8 Qd7 36. g3 Qxb5 37. Bxb5 Bd4 38. Kf1 Rc2 39. Be2 Nd5 40. Rd8 Bb6 41. Rd6 Ra2 42. f4 Nb4 43. Bc4 Ra1+ 44. Ke2 Nxa6 45. Rd7 Kf6 46. g4 Ra4 47. Bb5 Ra5 48. Bd3 Nc5 49. g5+ hxg5 50. fxg5+ Kxg5 51. Rxf7 Ra2+ 52. Ke3 Ra3 53. h4+ Kxh4 54. Kf4 Nxd3+ 0-1